Statistiche per Riconosci il calciatore dalla foto - Quiz n°11

Clicka qui per fare il quiz!

Statistiche generali

  • Questo quiz è stato fatto 39 volte
  • Il punteggio medio è 5 su 10

Statistiche sulle risposte

Risposta% Corretto
Arturo Vidal
100%
James Rodriguez
88%
Kevin Strootman
78%
Jesus Navas
56%
Federico Peluso
44%
Javi Martinez
44%
Leandro Trossard
41%
Adriano Correira
9%
Jean-Daniel Akpa-Akpro
9%
Daniel Agger
3%

Distribuzione punteggi

Percentile per numero di risposta

Percentuale di utenti per punteggio

I tuoi punteggi nel tempo

Non hai fatto questo quiz